Postes hiérarchiques dans l'Eglise catholique - Statistiques

Statistiques générales
  • Ce quiz a été pris 688 fois
  • Le résultat moyen est 9 sur 17
Statistiques - réponses
Descriptions Réponses % Correct
Chef de l'église catholique Pape
100%
Ecclésiastique qui dirige un diocèse Evêque
93%
Membre du clergé catholique Prêtre
92%
Haut dignitaire qui assiste ce dernier Cardinal
80%
Un homme ou une femme lié par des vœux de religion et menant, en solitaire ou en communauté, une vie essentiellement spirituelle, dévotionnelle et contemplative. Moine
78%
Prêtre placé à la tête d'une paroisse Curé
77%
Ministre ordonné gouvernant une province ecclésiastique Archevêque
72%
Personne ayant reçu le premier degré du sacrement de l'ordre dans l'Église catholique Diacre
64%
Moine chrétien élu par ses pairs pour diriger un monastère ou d'une abbaye Abbé
62%
Celui qui exerce en second les fonctions attachées à un office ecclésiastique. Vicaire
36%
Membre du clergé séculier attaché au chapitre d'une église ou d'une cathédrale avec une fonction à accomplir comme l'enseignement, le secours des pauvres, la chorale, le bâtiment, etc. Chanoine
31%
Homme qui suit une formation comprenant de la théologie, philosophie et théologie pastorale, suivant l'enseignement de l'Église Catholique Séminariste
30%
Ecclésiastique chargé de l'instruction religieuse, de la direction spirituelle dans un établissement Aumônier
20%
Prêtre chargé d'une chapelle ou d'une « paroisse personnelle » Chapelain
17%
clerc qui a la responsabilité d'une basilique, de sanctuaires, ou encore d'un établissement d'enseignement. Recteur
16%
Titre Honorifique accordé dans certains diocèses aux curés de chef d'arrondissement et des églises cathédrales Archiprêtre
15%
Sert d’intermédiaire entre l’autorité épiscopale et le clergé Doyen
12%
Aucun quiz correspondant
Distribution des résultats
% des personnes avec chaque résultat
Percentile par nombre de réponses
Votre historique - résultats
Vous n’avez pas pris ce quiz